000 00719nam a2200205Ii 4500
003 JO-AjNU
008 230605s9999||||xx |||||||||||||| ||und||
017 _a2009/12/5117
040 _aJO-AjNU
_bara
_erda
_cJO-AjNU
041 _aara
050 1 4 _aG155.A1.B39 2010
100 3 _aبظاظو، إبراهيم,
_eauthor
_950949
245 0 0 _aالسياحة البيئية وأسس استدامتها = Eco - Tourism and Sustainability
264 3 1 _aعمان: مؤسسة الوراق،2010
300 _a835ص
336 _atext
_btxt
_2rdacontent
337 _aunmediated
_bn
_2rdamedia
338 _avolume
_bnc
_2rdacarrier
650 4 _aالسياحة البيئية-صناعة السياحة-السياحة
_950950
999 _aA22475
_c26043
_d26043